000 00299nam a22001337a 4500
008 181101b xxu||||| |||| 00| 0 eng d
020 _a0871961415
041 _aeng
080 _a370
100 _a48
101 _aEDU
245 _aThe Handbook Of Good English
_cJohnson.ED
942 _2udc
_cBK
999 _c51557
_d51557